A children's book about teasing. / (Record no. 105614)
[ view plain ]
| 000 -LEADER | |
|---|---|
| fixed length control field | 00557nam a2200181 a 4500 |
| 005 - DATE AND TIME OF LATEST TRANSACTION | |
| control field | 20140412111409.0 |
| 008 - FIXED-LENGTH DATA ELEMENTS--GENERAL INFORMATION | |
| fixed length control field | 070910s19uu xx 00 eng d |
| 050 ## - LIBRARY OF CONGRESS CALL NUMBER | |
| Classification number | M 177.1 |
| Item number | B45 1988 |
| 100 ## - MAIN ENTRY--PERSONAL NAME | |
| Personal name | Berry, Joy Wilt |
| 245 ## - TITLE STATEMENT | |
| Title | A children's book about teasing. / |
| Statement of responsibility, etc | Joy Wilt Berry. |
| 260 ## - PUBLICATION, DISTRIBUTION, ETC. (IMPRINT) | |
| Place of publication, distribution, etc | [Danbury, CT.] : |
| Name of publisher, distributor, etc | Grolier books, |
| Date of publication, distribution, etc | 1988. |
| 300 ## - PHYSICAL DESCRIPTION | |
| Extent | 1 v. (unpaged) |
| 440 ## - SERIES STATEMENT/ADDED ENTRY--TITLE | |
| Title | Help me Good |
| 650 ## - SUBJECT ADDED ENTRY--TOPICAL TERM | |
| Topical term or geographic name as entry element | Conduct of life |
| General subdivision | Juvenile literature |
| 650 ## - SUBJECT ADDED ENTRY--TOPICAL TERM | |
| Topical term or geographic name as entry element | Ridicule |
| General subdivision | Juvenile literature |
| 650 ## - SUBJECT ADDED ENTRY--TOPICAL TERM | |
| Topical term or geographic name as entry element | Courtesy |
| General subdivision | Juvenile literature |
| Withdrawn status | Lost status | Damaged status | Home library | Current library | Shelving location | Date acquired | Source of acquisition | Total Checkouts | Full call number | Barcode | Date last seen | Price effective from | Koha item type |
|---|---|---|---|---|---|---|---|---|---|---|---|---|---|
| Elizalde Library | Elizalde Library | Main Section | 09/10/2007 | M 177.1 B45 1988 | E10445 | 04/12/2014 | 04/12/2014 | Books |